ZNÍŽENIE PRODUKCIE CO2 BIVALENTNÝM ZDROJOM TEPLA (Reducing CO2 production with bivalent heat source) [CD-ROM] : Bakalárska práca
Saved in:
| Main Author: | |
|---|---|
| Other Authors: | |
| Format: | Manuscript Book |
| Language: | Slovak |
| Published: |
Bratislava :
STU v Bratislave SjF,
2009
|
| Edition: | 1.vyd. |
| Subjects: | |
| Tags: |
No Tags, Be the first to tag this record!
|
MARC
| LEADER | 00000ntm a22000003a 4500 | ||
|---|---|---|---|
| 001 | stu199584 | ||
| 005 | 20150617230034.4 | ||
| 008 | 100208s2009----xo------------------slo-d | ||
| 040 | |a STU |b slo | ||
| 041 | 0 | |a slo | |
| 044 | |a xo | ||
| 100 | 1 | |a Dančo, Martin, |d 1986- |4 aut |u J0030 |9 100 |U SjF Strojnícka fakulta |T SjF Ústav dopravnej techniky a konštruovania |X 30372 |U J0030 |Y 806 |7 A000030372 | |
| 245 | 1 | |a ZNÍŽENIE PRODUKCIE CO2 BIVALENTNÝM ZDROJOM TEPLA (Reducing CO2 production with bivalent heat source) [CD-ROM] : |b Bakalárska práca | |
| 250 | |a 1.vyd. | ||
| 260 | |a Bratislava : |b STU v Bratislave SjF, |c 2009 | ||
| 300 | |a 56 s | ||
| 650 | 7 | |a obnoviteľné zdroje |2 stusub | |
| 650 | 7 | |a solárne kolektory |2 stusub | |
| 650 | 7 | |a renewable resources |2 estusub | |
| 650 | 7 | |a Solar collectors |2 estusub | |
| 700 | 1 | |a Čurka, Daniel, |d 1972- |4 xxx |u J0060 |U SjF Strojnícka fakulta |T SjF Ústav tepelnej energetiky |X 2219 |U J0060 |Y 805 |7 A000002219 | |
| 996 | |b 284J035738 |c J*351/BP |l JJSK |s A |a 24 |w stu199584_0001 | ||